[Event "MPL-1 Indian Chess Tour 2022"]
[Site "Online"]
[Date "2022.03.27"]
[Round "12.7"]
[White "Narayanan.S.L"]
[Black "Gukesh D"]
[Result "1/2-1/2"]
[WhiteElo "2658"]
[BlackElo "2614"]
[Annotator "TA"]
[PlyCount "100"]
[EventDate "2022.03.30"]
[EventType "tourn"]
[EventCountry "NET"]
[SourceTitle "playchess.com"]
[Source "ChessBase"]
[SourceQuality "1"]

{[%evp 12,100,3,14,32,23,45,22,58,58,110,97,147,99,147,130,99,49,65,60,65,45,33,19,51,47,63,55,123,108,128,119,130,121,120,6,0,4,0,2,8,7,4,4,4,4,5,0,0,0,8,12,8,0,8,0,16,12,12,5,8,0,8,7,37,8,27,14,25,25,18,18,22,18,32,11,105,0,0,0,0,0,0,0,0,0,0,0,0,0,0]} 1. c4 e6 2. Nc3 d5 3. d4 Bb4 4. a3 Bxc3+ 5. bxc3 Nf6 6. e3 c5 {6...c6 is the modern continuation.} 7. cxd5 Nxd5 {E26: Nimzo-Indian: Sämisch: 5...c5 6 e3.} 8. c4 Ne7 9. Nf3 ({Much weaker is} 9. dxc5 Qxd1+ 10. Kxd1 Na6 $15) 9... O-O 10. Bd3 {[#]} Nf5 $146 (10... Nd7 $14) ({Predecessor:} 10... b6 11. Bxh7+ Kxh7 12. Ng5+ Kg6 13. h4 f6 14. Qd3+ Nf5 15. h5+ Kh6 16. Nf3 cxd4 {½-½ (49) Nagy,G (2532)-Narayanan,S (2553) Chess.com INT 2021}) 11. O-O $16 {[%cal Od4d5]} Nc6 (11... cxd4 $142 12. exd4 Nd7) 12. Bb2 (12. d5 $142 Nce7 13. e4) 12... Nce7 (12... cxd4 $142 13. exd4 Nce7) 13. Qc2 cxd4 14. exd4 (14. Rad1 $16) 14... b5 $1 $14 15. cxb5 Bb7 16. Be2 Ng6 17. Qd2 {Inhibits Nf4.} Qd6 18. g3 Rfd8 19. Rfc1 e5 {[#]} (19... a6 $14) 20. Qb4 $1 $16 {aiming for Qxd6.} exd4 {[%cal Og6f4]} 21. Qxd6 Rxd6 22. Rc7 d3 23. Rxb7 ({White has to play} 23. Bd1 $16 Bd5 24. Nd2) 23... dxe2 $11 24. Re1 Rd1 25. Kg2 $1 {Threatening a4.} Nd6 $132 {[%mdl 2048] Black is fighting back. Pair of Knights!} 26. Rc7 $1 {next a4 is good for White.} Nxb5 27. Rc2 Rxe1 28. Nxe1 Re8 29. Kf3 f6 30. Rxe2 Rxe2 31. Kxe2 {[%mdl 4096] Endgame KBN-KNN} Kf7 32. Kd3 Ke6 33. Nc2 Ne7 34. a4 Nd6 35. Nd4+ Kd5 36. Ba3 Nef5 37. Nc2 Ne7 38. f3 (38. Bxd6 $5 Kxd6 39. Kc4 $11) 38... g6 39. Ne3+ Ke6 40. Nc4 Nb7 41. Bxe7 Kxe7 {KN-KN} 42. Kd4 {Against Nc5} Ke6 $1 43. Na3 a6 {Prevents Nb5.} (43... Na5 $11 {remains equal.}) 44. Nc2 (44. Nc4 $16) 44... Kd6 $1 {The position is equal.} 45. Ne3 Nc5 46. Nc4+ Kc6 47. Na5+ Kb6 {[#] Strongly threatening ...Ne6+.} 48. Nc4+ Kc6 49. Na5+ Kb6 50. Nc4+ Kc6 {Weighted Error Value: White=0.12 (very precise) /Black=0.15 (very precise)} 1/2-1/2

[Event "MPL-1 Indian Chess Tour 2022"]
[Site "Online"]
[Date "2022.03.27"]
[Round "12.8"]
[White "Karthikeyan, Murali"]
[Black "Aryan Chopra"]
[Result "0-1"]
[WhiteElo "2622"]
[BlackElo "2585"]
[Annotator "ChessBase"]
[PlyCount "74"]
[EventDate "2022.03.30"]
[EventType "tourn"]
[EventCountry "NET"]
[SourceTitle "playchess.com"]
[Source "ChessBase"]
[SourceQuality "1"]
[TimeControl "5400+30"]

1. e4 {[%emt 1:15:40]} c6 {[%emt 1:15:40]} 2. d4 {[%emt 0:00:29]} d5 {[%emt 0:00:22]} 3. e5 {[%emt 0:00:23]} c5 {[%emt 0:00:22]} 4. Nf3 {[%emt 0:00:27]} cxd4 {[%emt 0:00:26]} 5. Nxd4 {[%emt 0:00:20]} Nc6 {[%emt 0:00:21]} 6. Nxc6 {[%emt 0:00:48]} bxc6 {[%emt 0:00:20]} 7. Bd3 {[%emt 0:00:20]} e6 {[%emt 0:00:28]} 8. O-O {[%emt 0:00:27]} Ne7 {[%emt 0:00:22]} 9. Nd2 {[%emt 0:00:27]} a5 {[%emt 0:00:24]} 10. Re1 {[%emt 0:00:47]} Ba6 {[%emt 0:00:26]} 11. c4 {[%emt 0:00:37]} Ng6 {[%emt 0:01:40]} 12. Nf3 {[%emt 0:01:11]} Bb4 {[%emt 0:01:10]} 13. Bd2 {[%emt 0:00:29]} dxc4 {[%emt 0:01:20]} 14. Be4 {[%emt 0:00:36]} O-O {[%emt 0:00:23]} 15. Qc2 {[%emt 0:01:10]} Rb8 {[%emt 0:01:24]} 16. Rad1 {[%emt 0:01:01]} Qb6 {[%emt 0:02:31]} 17. h4 {[%emt 0:00:30]} Rfd8 {[%emt 0:00:32]} 18. h5 {[%emt 0:00:35]} Nf8 {[%emt 0:00:35]} 19. h6 {[%emt 0:01:18]} g6 {[%emt 0:00:22]} 20. Qc1 {[%emt 0:01:07]} Bc5 {[%emt 0:01:15]} 21. Bg5 {[%emt 0:02:47]} Rxd1 {[%emt 0:03:40]} 22. Rxd1 {[%emt 0:00:27]} Qxb2 {[%emt 0:00:21]} 23. Qf4 {[%emt 0:00:33]} Qxf2+ {[%emt 0:00:23]} 24. Kh1 {[%emt 0:01:30]} Rb2 {[%emt 0:00:24]} 25. Rg1 {[%emt 0:00:22]} Nd7 {[%emt 0:00:22]} 26. Bh4 {[%emt 0:03:38]} Qe3 {[%emt 0:02:06]} 27. Qxe3 {[%emt 0:00:24]} Bxe3 {[%emt 0:00:22]} 28. Rd1 {[%emt 0:00:20]} Nf8 {[%emt 0:00:50]} 29. Rd8 {[%emt 0:00:36]} c3 {[%emt 0:01:50]} 30. Bg5 {[%emt 0:03:46]} Bc5 {[%emt 0:01:47]} 31. Nd4 {[%emt 0:01:00]} Bb5 {[%emt 0:01:36]} 32. Nb3 {[%emt 0:02:12]} Bb4 {[%emt 0:00:24]} 33. Kh2 {[%emt 0:00:31]} Re2 {[%emt 0:00:32]} 34. Bf3 {[%emt 0:00:22]} Rxe5 {[%emt 0:00:31]} 35. Bf6 {[%emt 0:00:21]} Rf5 {[%emt 0:00:28]} 36. Bg7 {[%emt 0:00:21]} c2 {[%emt 0:00:58]} 37. Be4 {[%emt 0:00:50]} a4 {[%emt 0:00:32]} 0-1

[Event "MPL-1 Indian Chess Tour 2022"]
[Site "Online"]
[Date "2022.03.27"]
[Round "13.1"]
[White "Aryan Chopra"]
[Black "Sethuraman, S.P."]
[Result "1-0"]
[WhiteElo "2585"]
[BlackElo "2619"]
[Annotator "ChessBase"]
[PlyCount "71"]
[EventDate "2022.03.30"]
[EventType "tourn"]
[EventCountry "NET"]
[SourceTitle "playchess.com"]
[Source "ChessBase"]
[SourceQuality "1"]
[TimeControl "5400+30"]

1. e4 {[%emt 1:15:40]} g6 {[%emt 1:15:40]} 2. d4 {[%emt 0:00:24]} Bg7 {[%emt 0:00:21]} 3. Nc3 {[%emt 0:00:21]} d6 {[%emt 0:00:21]} 4. f4 {[%emt 0:00:20]} Nf6 {[%emt 0:00:32]} 5. Bd3 {[%emt 0:00:34]} O-O {[%emt 0:00:24]} 6. Nf3 {[%emt 0:00:21]} Nc6 {[%emt 0:00:23]} 7. e5 {[%emt 0:00:55]} dxe5 {[%emt 0:00:43]} 8. fxe5 {[%emt 0:00:29]} Nh5 {[%emt 0:01:27]} 9. Be3 {[%emt 0:00:28]} Bg4 {[%emt 0:00:27]} 10. Be2 {[%emt 0:01:02]} f6 {[%emt 0:00:26]} 11. d5 {[%emt 0:02:00]} Nxe5 {[%emt 0:02:09]} 12. Nxe5 {[%emt 0:00:23]} Bxe2 {[%emt 0:00:22]} 13. Qxe2 {[%emt 0:00:21]} fxe5 {[%emt 0:00:21]} 14. O-O-O {[%emt 0:00:21]} Nf4 {[%emt 0:03:07]} 15. Qc4 {[%emt 0:02:10]} Nxg2 {[%emt 0:05:03]} 16. d6+ {[%emt 0:00:23]} Kh8 {[%emt 0:00:21]} 17. dxc7 {[%emt 0:00:21]} Qc8 {[%emt 0:00:22]} 18. Bg5 {[%emt 0:00:22]} h6 {[%emt 0:02:45]} 19. Rhg1 {[%emt 0:06:41]} hxg5 {[%emt 0:02:45]} 20. Rxg2 {[%emt 0:00:27]} Qf5 {[%emt 0:00:22]} 21. Ne4 {[%emt 0:01:00]} g4 {[%emt 0:01:09]} 22. Kb1 {[%emt 0:01:56]} Rac8 {[%emt 0:00:42]} 23. Rf2 {[%emt 0:01:30]} Rxc7 {[%emt 0:01:05]} 24. Qxc7 {[%emt 0:00:23]} Qxe4 {[%emt 0:00:21]} 25. Rxf8+ {[%emt 0:00:24]} Bxf8 {[%emt 0:00:20]} 26. Rf1 {[%emt 0:00:29]} Bg7 {[%emt 0:00:25]} 27. Qxe7 {[%emt 0:00:32]} Qd4 {[%emt 0:00:50]} 28. Qh4+ {[%emt 0:00:55]} Kg8 {[%emt 0:00:24]} 29. Qf2 {[%emt 0:00:21]} Qd5 {[%emt 0:00:35]} 30. Qxa7 {[%emt 0:01:21]} e4 {[%emt 0:00:26]} 31. Qe3 {[%emt 0:00:22]} Kh7 {[%emt 0:00:57]} 32. Re1 {[%emt 0:00:32]} Qe5 {[%emt 0:00:42]} 33. c3 {[%emt 0:00:21]} Qxh2 {[%emt 0:00:27]} 34. Qxe4 {[%emt 0:00:22]} Qg3 {[%emt 0:00:26]} 35. Rh1+ {[%emt 0:00:30]} Kg8 {[%emt 0:00:27]} 36. Qe6+ {[%emt 0:00:27]} 1-0

[Event "MPL-1 Indian Chess Tour 2022"]
[Site "Online"]
[Date "2022.03.27"]
[Round "13.2"]
[White "Gukesh D"]
[Black "Karthikeyan, Murali"]
[Result "0-1"]
[WhiteElo "2614"]
[BlackElo "2622"]
[Annotator "ChessBase"]
[PlyCount "82"]
[EventDate "2022.03.30"]
[EventType "tourn"]
[EventCountry "NET"]
[SourceTitle "playchess.com"]
[Source "ChessBase"]
[SourceQuality "1"]
[TimeControl "5400+30"]

1. d4 {[%emt 1:15:40]} Nf6 {[%emt 1:15:40]} 2. c4 {[%emt 0:00:22]} e6 {[%emt 0:00:27]} 3. Nf3 {[%emt 0:01:00]} d5 {[%emt 0:00:24]} 4. Nc3 {[%emt 0:00:22]} c6 {[%emt 0:00:31]} 5. Bg5 {[%emt 0:01:02]} Nbd7 {[%emt 0:00:22]} 6. e3 {[%emt 0:00:23]} Qa5 {[%emt 0:00:21]} 7. Nd2 {[%emt 0:00:36]} dxc4 {[%emt 0:00:22]} 8. Bxf6 {[%emt 0:00:24]} Nxf6 {[%emt 0:00:20]} 9. Nxc4 {[%emt 0:00:21]} Qc7 {[%emt 0:00:21]} 10. Rc1 {[%emt 0:00:36]} Bd6 {[%emt 0:00:30]} 11. f4 {[%emt 0:00:21]} Be7 {[%emt 0:00:27]} 12. Be2 {[%emt 0:00:50]} O-O {[%emt 0:00:31]} 13. O-O {[%emt 0:00:29]} Rd8 {[%emt 0:00:41]} 14. Qc2 {[%emt 0:00:44]} Bd7 {[%emt 0:01:00]} 15. Ne4 {[%emt 0:02:12]} Nxe4 {[%emt 0:01:16]} 16. Qxe4 {[%emt 0:00:21]} c5 {[%emt 0:00:35]} 17. f5 {[%emt 0:03:36]} Qc6 {[%emt 0:07:30]} 18. Qxc6 {[%emt 0:04:51]} Bxc6 {[%emt 0:00:20]} 19. fxe6 {[%emt 0:00:29]} fxe6 {[%emt 0:00:34]} 20. Bg4 {[%emt 0:00:27]} Bd5 {[%emt 0:00:47]} 21. e4 {[%emt 0:00:32]} Bxc4 {[%emt 0:01:09]} 22. Rxc4 {[%emt 0:00:22]} cxd4 {[%emt 0:00:57]} 23. Bxe6+ {[%emt 0:00:22]} Kh8 {[%emt 0:00:21]} 24. Rc7 {[%emt 0:01:43]} Bf6 {[%emt 0:01:40]} 25. Rxb7 {[%emt 0:00:45]} d3 {[%emt 0:04:00]} 26. Rd1 {[%emt 0:00:50]} Bg5 {[%emt 0:00:53]} 27. Kf2 {[%emt 0:02:49]} Rd6 {[%emt 0:00:54]} 28. Bd5 {[%emt 0:01:19]} Rf8+ {[%emt 0:00:26]} 29. Kg3 {[%emt 0:00:39]} Bf4+ {[%emt 0:00:59]} 30. Kh3 {[%emt 0:00:32]} Rh6+ {[%emt 0:00:31]} 31. Kg4 {[%emt 0:00:21]} Rxh2 {[%emt 0:00:45]} 32. Bf7 {[%emt 0:00:39]} Be5 {[%emt 0:00:39]} 33. Kf5 {[%emt 0:00:42]} Bxb2 {[%emt 0:00:35]} 34. Rxd3 {[%emt 0:00:23]} Rxg2 {[%emt 0:00:22]} 35. e5 {[%emt 0:00:35]} g6+ {[%emt 0:00:25]} 36. Ke6 {[%emt 0:00:27]} Re2 {[%emt 0:00:29]} 37. Rd5 {[%emt 0:00:37]} a6 {[%emt 0:00:36]} 38. a4 {[%emt 0:00:32]} Kg7 {[%emt 0:00:29]} 39. Rc5 {[%emt 0:00:33]} Bxe5 {[%emt 0:00:29]} 40. Be8+ {[%emt 0:00:30]} Kh6 {[%emt 0:00:31]} 41. Kd7 {[%emt 0:00:34]} Rxe8 {[%emt 0:00:22]} 0-1

[Event "MPL-1 Indian Chess Tour 2022"]
[Site "Online"]
[Date "2022.03.31"]
[Round "13.3"]
[White "Sadhwani, Raunak"]
[Black "Narayanan.S.L"]
[Result "1/2-1/2"]
[WhiteElo "2616"]
[BlackElo "2658"]
[Annotator "TA"]
[PlyCount "117"]
[EventDate "2022.03.30"]
[EventType "tourn"]
[EventCountry "NET"]
[SourceTitle "playchess.com"]
[Source "ChessBase"]
[SourceQuality "1"]

{[%evp 14,117,16,13,17,15,12,17,10,6,9,0,0,0,0,0,13,0,0,0,0,0,0,0,0,0,0,-16,-16,-50,-50,-50,-50,-59,-14,-2,0,0,0,0,0,0,0,0,64,62,96,90,114,0,62,0,87,14,62,9,8,0,0,0,0,0,0,0,95,114,187,198,414,431,415,383,486,442,483,479,460,434,521,560,542,464,650,638,753,298,251,0,0,0,0,0,0,0,0,0,0,0,0,0,0,0,0,0,0,0]} 1. e4 e5 2. Nf3 Nc6 3. Bc4 Nf6 4. d3 Bc5 5. O-O d6 6. c3 h6 7. Re1 O-O 8. h3 Bb6 $1 {[%mdl 4] 8...Bb6 is the modern continuation. C54: Giuoco Piano: 4 c3 Nf6, main lines with 5 d4 and 5 d3.} 9. a4 a5 10. Nbd2 Be6 11. b3 d5 12. exd5 Nxd5 {[#]} 13. Ne4 $146 ({Predecessor:} 13. Bb2 Re8 14. Nxe5 Nxe5 15. Rxe5 c6 16. Nf3 Bc7 17. Re1 {½-½ (88) Paramzina,A (2260)-Girya,O (2402) Khanty-Mansiysk 2021}) 13... Re8 14. Qc2 Nf6 15. Bb5 Nxe4 16. dxe4 Qf6 {[%cal Oe6h3]} 17. Kh2 Red8 18. Bxc6 bxc6 19. Be3 Rab8 20. c4 Bd4 21. Bxd4 exd4 22. Qd3 c5 23. Rf1 g5 24. Nd2 Kh8 25. g3 Rg8 26. f4 gxf4 27. Rxf4 Qe5 28. Raf1 Rg6 (28... Qg5 $11) 29. Nf3 $1 $14 Qd6 {[%cal Og6g3] Threatens to win with ...Rxg3!} (29... Qh5 $2 30. Rh4 Qxh4 31. Nxh4 $18) 30. Nh4 Rg5 {[#]} 31. Nf5 (31. Rf6 $1 $16) 31... Qf8 (31... Bxf5 $11 32. Rxf5 Rxf5 33. Rxf5 Qe7) 32. R1f3 {&Bianco is more active.} ({Better is} 32. h4 $14 Rg6 33. Kg2) 32... Rb6 (32... Bxf5 $11 33. Rxf5 Rxf5 34. Rxf5 Rb6) 33. Qd1 (33. h4 $16 Rg6 34. e5) 33... Kh7 (33... Bxf5 $11 34. exf5 Qe8) 34. Qd2 (34. h4 $14 Rg6 35. Qd2) 34... Bxf5 $11 35. h4 $36 {[%mdl 2048] White has good play.} Bg6 36. hxg5 hxg5 37. Rf6 Qh6+ 38. Kg1 Rxf6 (38... Qh5 $11) 39. Rxf6 {[%mdl 4096] Endgame Strongly threatening Rf2. KQR-KQB} Kg7 (39... Kg8 $16) 40. Rc6 $18 Qh5 $2 (40... Kf8) 41. Rxc5 Qf3 42. Qxd4+ f6 43. Rxc7+ Kh6 44. Qf2 Qd1+ 45. Qf1 (45. Kh2 Qh5+ 46. Kg1 Qd1+ 47. Qf1 Qxb3 $18) 45... Qxb3 46. Kh2 Qb2+ 47. Qg2 Qd4 (47... Qe5 $142) 48. c5 g4 49. Qf1 $2 (49. Rb7 Kg5 50. Qe2) 49... Kh5 {[#]} 50. Qf4 ({Only move:} 50. e5 $1 $18 {[%cal Re5f6]} Be4 51. Qe2 (51. exf6 Qd2+ 52. Kg1 Qe3+ 53. Qf2 Qc1+ 54. Qf1 Qe3+ 55. Kh2 Qd2+ 56. Kg1 Qe3+ $11) 51... Qxe5 52. Rc8 (52. Rg7 f5 $11)) 50... Qb2+ $11 {The position is equal.} 51. Kg1 Qa1+ 52. Kh2 {Black must now prevent Rd7.} Qb2+ 53. Kg1 {Hoping for Rd7.} Qa1+ 54. Qf1 Qe5 55. Qf2 {Threatening mate with Qh2+.} Qa1+ 56. Qf1 Qe5 57. Qg2 {Qh2+ would kill now.} Qd4+ $1 58. Qf2 Qa1+ 59. Qf1 {Blacks defense is rewarded with a draw.  Weighted Error Value: White=0.24 (precise) /Black=0.30} 1/2-1/2

[Event "MPL-1 Indian Chess Tour 2022"]
[Site "Online"]
[Date "2022.03.27"]
[Round "13.4"]
[White "Gupta, Abhijeet"]
[Black "Mendonca, Leon Luke"]
[Result "1-0"]
[WhiteElo "2628"]
[BlackElo "2536"]
[Annotator "ChessBase"]
[PlyCount "109"]
[EventDate "2022.03.30"]
[EventType "tourn"]
[EventCountry "NET"]
[SourceTitle "playchess.com"]
[Source "ChessBase"]
[SourceQuality "1"]
[TimeControl "5400+30"]

1. d4 {[%emt 1:15:40]} d5 {[%emt 1:15:40]} 2. c4 {[%emt 0:00:24]} e6 {[%emt 0:00:24]} 3. Nf3 {[%emt 0:00:23]} Nf6 {[%emt 0:00:22]} 4. g3 {[%emt 0:00:22]} dxc4 {[%emt 0:00:27]} 5. Bg2 {[%emt 0:00:22]} a6 {[%emt 0:00:24]} 6. O-O {[%emt 0:00:23]} Nc6 {[%emt 0:00:22]} 7. e3 {[%emt 0:00:23]} Bd7 {[%emt 0:00:38]} 8. Qe2 {[%emt 0:00:45]} Bd6 {[%emt 0:00:29]} 9. Rd1 {[%emt 0:01:06]} O-O {[%emt 0:01:35]} 10. Qxc4 {[%emt 0:00:30]} Qe7 {[%emt 0:00:41]} 11. b3 {[%emt 0:00:26]} e5 {[%emt 0:02:09]} 12. Bb2 {[%emt 0:00:23]} e4 {[%emt 0:02:03]} 13. Nfd2 {[%emt 0:00:23]} h5 {[%emt 0:03:25]} 14. Nc3 {[%emt 0:01:42]} b5 {[%emt 0:01:01]} 15. Qf1 {[%emt 0:00:23]} Bf5 {[%emt 0:00:33]} 16. a4 {[%emt 0:00:35]} b4 {[%emt 0:00:33]} 17. Ne2 {[%emt 0:00:22]} Qd7 {[%emt 0:01:12]} 18. Nc4 {[%emt 0:01:41]} Nd5 {[%emt 0:01:11]} 19. Rac1 {[%emt 0:03:19]} Nce7 {[%emt 0:00:58]} 20. f3 {[%emt 0:00:50]} Qe6 {[%emt 0:01:03]} 21. Qf2 {[%emt 0:02:17]} Rae8 {[%emt 0:01:30]} 22. Re1 {[%emt 0:00:23]} Ng6 {[%emt 0:01:43]} 23. fxe4 {[%emt 0:03:05]} Bxe4 {[%emt 0:00:22]} 24. Nf4 {[%emt 0:00:21]} Ngxf4 {[%emt 0:00:51]} 25. exf4 {[%emt 0:00:22]} Qf5 {[%emt 0:00:57]} 26. Ne5 {[%emt 0:00:52]} Bxg2 {[%emt 0:00:22]} 27. Qxg2 {[%emt 0:00:21]} Ne7 {[%emt 0:01:45]} 28. d5 {[%emt 0:01:14]} f6 {[%emt 0:00:34]} 29. Nf3 {[%emt 0:02:46]} Qxd5 {[%emt 0:00:32]} 30. Nd4 {[%emt 0:00:21]} Qxg2+ {[%emt 0:00:56]} 31. Kxg2 {[%emt 0:00:20]} Nd5 {[%emt 0:00:49]} 32. Kf2 {[%emt 0:01:29]} Rxe1 {[%emt 0:00:36]} 33. Kxe1 {[%emt 0:00:20]} Kf7 {[%emt 0:00:25]} 34. Kd2 {[%emt 0:00:32]} Ne7 {[%emt 0:00:41]} 35. Kd3 {[%emt 0:00:31]} h4 {[%emt 0:00:26]} 36. Ne2 {[%emt 0:00:44]} Re8 {[%emt 0:00:33]} 37. Bd4 {[%emt 0:00:38]} Nf5 {[%emt 0:00:31]} 38. Bf2 {[%emt 0:00:24]} Nh6 {[%emt 0:00:30]} 39. gxh4 {[%emt 0:00:37]} Nf5 {[%emt 0:00:26]} 40. Rc6 {[%emt 0:00:53]} Ra8 {[%emt 0:00:27]} 41. Ng3 {[%emt 0:00:36]} Ne7 {[%emt 0:00:31]} 42. Rc4 {[%emt 0:00:21]} Ng6 {[%emt 0:00:34]} 43. Ne2 {[%emt 0:00:40]} Rh8 {[%emt 0:00:35]} 44. Rc6 {[%emt 0:00:29]} Ra8 {[%emt 0:00:30]} 45. Bg3 {[%emt 0:00:22]} Ne7 {[%emt 0:00:23]} 46. Rc4 {[%emt 0:00:20]} Ke6 {[%emt 0:00:35]} 47. Nd4+ {[%emt 0:00:44]} Kd5 {[%emt 0:00:28]} 48. f5 {[%emt 0:00:26]} a5 {[%emt 0:00:38]} 49. Nb5 {[%emt 0:00:45]} Bxg3 {[%emt 0:00:25]} 50. hxg3 {[%emt 0:00:22]} Ke5 {[%emt 0:00:32]} 51. Rc5+ {[%emt 0:00:30]} Nd5 {[%emt 0:00:24]} 52. Rxd5+ {[%emt 0:00:32]} Kxd5 {[%emt 0:00:22]} 53. Nxc7+ {[%emt 0:00:21]} Ke5 {[%emt 0:00:26]} 54. Nxa8 {[%emt 0:00:21]} Kxf5 {[%emt 0:00:24]} 55. Ke3 {[%emt 0:00:21]} 1-0

[Event "MPL-1 Indian Chess Tour 2022"]
[Site "Online"]
[Date "2022.03.27"]
[Round "13.5"]
[White "Iniyan, P."]
[Black "Ganguly, Surya Shekhar"]
[Result "0-1"]
[WhiteElo "2516"]
[BlackElo "2627"]
[Annotator "TA"]
[PlyCount "122"]
[EventDate "2022.03.30"]
[EventType "tourn"]
[EventCountry "NET"]
[SourceTitle "playchess.com"]
[Source "ChessBase"]
[SourceQuality "1"]

{[%evp 13,122,7,0,0,4,-24,61,35,34,56,45,68,60,17,14,0,0,-9,-10,-11,-7,-11,-19,-95,26,-43,0,-139,-127,-195,-229,-205,-206,-196,-179,-156,-69,-51,-51,-69,-68,-81,-97,-83,-62,-53,-74,-71,-54,-55,-55,-54,-54,-56,-59,-63,-27,-27,-27,-27,-34,-66,-68,-74,-68,-152,-152,-567,-562,-548,-548,-548,-548,-548,-548,-548,-541,-6079,-5737,-459,-8,-8,-8,-29969,-29972,-29972,-29972,-29973,-29974,-29974,-29975,-29978,-29979,-29979,-29980,-29980,-29979,-29979,-29980,-29980,-29981,-29981,-29982,-29982,-29983,-29984,-29983,-29984,-29985,-29987,-29988]} 1. c4 Nf6 2. g3 e6 3. Bg2 d5 4. Nf3 Be7 5. O-O O-O 6. d4 dxc4 7. Qc2 b5 8. a4 {E05: Open Catalan: 5 Nf3 Be7.} b4 9. Ne5 {[#]} Nd5 (9... Qxd4 $1 $11 10. Bxa8 (10. Nxc4 Nd5) 10... Qxe5) 10. Nxc4 {White is slightly better.} Ba6 11. Rd1 c5 12. e4 Nf6 13. dxc5 (13. d5 $5 {[%cal Rd5e6]} Bxc4 14. Qxc4 $14) 13... Nbd7 {[#]} 14. c6 $146 ({Predecessor:} 14. Be3 Rc8 15. Nd6 Rc6 16. e5 Nd5 17. Bxd5 exd5 18. Rxd5 Nxe5 19. Nf5 Qc7 20. Nd2 {1-0 (29) Salem,A (2682)-Gumularz,S (2513) Chess.com INT 2020}) 14... Rc8 $1 15. e5 $132 {[%mdl 2048] White is fighting back} (15. cxd7 Rxc4 16. Qb3 Rc7 $15) 15... Nd5 16. Ne3 Nxe5 17. Nxd5 exd5 18. Bxd5 {[#]} (18. Rxd5 $11 Rxc6 19. Nc3) 18... Qa5 (18... Nxc6 $1 $17 {[%cal Oc6d4] And now ...Nd4! would win.} 19. Be3 (19. Bxc6 $2 Rxc6 20. Rxd8 Rxc2 $19) (19. Bxf7+ Rxf7 20. Rxd8+ Bxd8 $17) (19. Bxf7+ Rxf7) 19... Qc7) 19. Bf4 (19. Qf5 $1 $11 Nxc6 20. Nd2) 19... Nd3 20. Rxd3 (20. Be4 $11 Nxf4 21. gxf4 (21. Bxh7+ $2 Kh8 $19)) 20... Bxd3 $17 21. Qb3 {[#]} (21. Qxd3 $17 Rfd8 22. c7 Rxd5 23. Qf3) 21... Rcd8 $1 $19 22. Bxf7+ Rxf7 23. c7 Rdf8 24. Qxd3 Rxf4 ({Black should play} 24... Bg5 $17 25. Bxg5 (25. Qc4 $2 Rc8 $17) 25... Qxg5) 25. gxf4 $15 {Qc4+ is the strong threat.} Qxc7 {White must now prevent ...Qc1+.} 26. Nd2 {[%cal Bb1d2,Bd2c4,Bc4e3][%mdl 32]} Qxf4 27. Qc4+ Qxc4 28. Nxc4 $17 {[%mdl 4096] Endgame KRB-KRN} Bc5 29. Ne3 Bd4 30. Rb1 Rc8 {&Nero is more active.} (30... Re8 $5 {[%cal Rd4e3]}) 31. Nf5 {[#] Hoping for Ne7+.} Bxf2+ $1 32. Kxf2 $15 {KRN-KR} Rf8 33. Rc1 {[%cal Oc1c8]} Rxf5+ {KR-KR} 34. Kg3 h5 35. Rc8+ Kh7 36. Rb8 a5 37. Rb5 Kg6 {aiming for ...Kf6.} 38. Rb6+ {[#]} Kf7 $1 39. Rb7+ (39. Ra6 $15) 39... Kf6 $17 40. Rb6+ $2 (40. h4 $17) 40... Ke5 $19 41. Rg6 Kd4 42. Rxg7 h4+ 43. Kxh4 Rf2 {[%csl LRb2,LRh2] Against Rg2} 44. h3 Rxb2 {Strongly threatening ...b3.} 45. Rg5 Re2 46. Rxa5 Re4+ $2 (46... b3 $19 {( -> ...b2)} 47. Rf5 Re4+ 48. Kg3 b2) 47. Kg3 $1 $11 b3 48. Rf5 $2 {[%mdl 8192]} (48. Rb5 $11) 48... b2 {Black mates.} 49. Rf1 Kc3 50. a5 Ra4 51. a6 Rxa6 52. Kg4 Ra1 53. Rf3+ Kc4 54. Rf4+ Kc5 55. Rf5+ Kc6 56. Rf6+ Kd7 57. Rb6 b1=Q 58. Rxb1 Rxb1 59. Kg5 Rg1+ 60. Kf6 Rh1 61. h4 Rxh4 {Weighted Error Value: White=0.49/Black=0.19 (very precise)} 0-1